000 00503nam a2200169 i 4500
001 74214
003 ES-MaACL
005 20230906172043.0
007 t|
008 040916s1971 sp ||||1| spa d
100 1 _aGonzález Amat, Encarnación.
_958420
245 1 0 _aUnidades didácticas de la enseñanza preescolar /
_cEncarnación González Amat.
250 _a[1ª ed.].
260 _a[Barcelona] :
_bTeide,
_c[1971]
300 _a279 p. :
_bil. ;
_c19 cm.
852 _aES-MaACL
_jC-50605
_bR.80567
999 _c74214
_d74214